Storia del diritto italiano: dalla caduta dell'impero romano alla codificazione
Saved in:
| Hovedforfatter: | |
|---|---|
| Format: | Bog |
| Sprog: | italiensk |
| Udgivet: |
Bolonia
Arnaldo Forni
1966
|
| Udgivelse: | 2a. ed |
| Fag: | |
| Tags: |
Tilføj Tag
Ingen Tags, Vær først til at tagge denne postø!
|
MARC
| LEADER | 00000nam a2200000 a 4500 | ||
|---|---|---|---|
| 001 | UCR2943 | ||
| 003 | CL-VaPUC | ||
| 008 | 980116e19660000IT |||||||||||||||||ita|d | ||
| 082 | 0 | 4 | |a 349.45 |b PER |2 21 |
| 100 | 0 | |a Pertile, Antonio |e author |9 401480 | |
| 245 | 1 | 0 | |a Storia del diritto italiano: dalla caduta dell'impero romano alla codificazione |
| 250 | |a 2a. ed | ||
| 300 | |a 9 v | ||
| 942 | |c BK | ||
| 945 | |d 19980116 00:00:00 |a crobeson | ||
| 260 | |a Bolonia |b Arnaldo Forni |c 1966 | ||
| 500 | |a v.1: Diritto pubblico | ||
| 500 | |a v.2 p.1: Diritto pubblico | ||
| 500 | |a v.2 p.2: Diritto pubblico | ||
| 500 | |a v.3: Diritto privato | ||
| 500 | |a v.4: Diritto privato | ||
| 500 | |a v.5: Diritto penale | ||
| 500 | |a v.6 p.1: Procedura | ||
| 500 | |a v.6 p.2: Procedura | ||
| 650 | 7 | |a HISTORIA DEL DERECHO ROMANO |2 CL-VaPUC |9 401481 | |
| 650 | 0 | |a Derecho italiano |9 385337 | |
| 650 | 0 | |a Imperio Romano |9 322785 | |
| 650 | 0 | |a Codificación |9 258568 | |
| 650 | 0 | |a Derecho público |9 255910 | |
| 650 | 0 | |a Fuentes del derecho |9 255162 | |
| 650 | 0 | |a Derecho privado |9 258243 | |
| 650 | 7 | |a DERECHO PENAL |2 CL-VaPUC |9 11 | |
| 650 | 7 | |a PROCEDIMIENTO |2 CL-VaPUC |9 401482 | |
| 583 | |a last modification |c 19980116 00:00:00 |k Rodrigo Vera | ||
| 999 | |c 266064 |d 266062 | ||
| 952 | |0 0 |1 0 |4 0 |6 349_450000000000000_PER_1966 |7 0 |8 DER_HIS |9 297355 |a BIBDER |b BIBDER |d 2019-11-20 |h v.1 |i 1933868 |o 349.45 PER 1966 |p 1933868 |r 2023-01-25 |w 2019-11-20 |x Ubicación 4to Piso |y BK |z Estos recursos deben solicitarse con anticipación |k DER | ||
| 952 | |0 0 |1 0 |4 0 |6 349_450000000000000_PER_1966 |7 0 |8 DER_HIS |9 297356 |a BIBDER |b BIBDER |d 2019-11-20 |h v.2 p.1 |i 1933817 |o 349.45 PER 1966 |p 1933817 |r 2023-01-25 |w 2019-11-20 |x Ubicación 4to Piso |y BK |z Estos recursos deben solicitarse con anticipación |k DER | ||
| 952 | |0 0 |1 0 |4 0 |6 349_450000000000000_PER_1966 |7 0 |8 A |9 297357 |a BIBDER |b BIBDER |d 2019-11-20 |h v.2 p.2 |i 1933760 |o 349.45 PER 1966 |p 1933760 |r 2019-11-20 |w 2019-11-20 |y BK |k DER | ||
| 952 | |0 0 |1 0 |4 0 |6 349_450000000000000_PER_1966 |7 0 |8 DER_HIS |9 297358 |a BIBDER |b BIBDER |d 2019-11-20 |h v.3 |i 193371K |o 349.45 PER 1966 |p 193371K |r 2023-01-25 |w 2019-11-20 |x Ubicación 4to Piso |y BK |z Estos recursos deben solicitarse con anticipación |k DER | ||
| 952 | |0 0 |1 0 |4 0 |6 349_450000000000000_PER_1966 |7 0 |8 DER_HIS |9 297359 |a BIBDER |b BIBDER |d 2019-11-20 |h v.4 |i 1933663 |o 349.45 PER 1966 |p 1933663 |r 2023-01-25 |w 2019-11-20 |x Ubicación 4to Piso |y BK |z Estos recursos deben solicitarse con anticipación |k DER | ||
| 952 | |0 0 |1 0 |4 0 |6 349_450000000000000_PER_1966 |7 0 |8 DER_HIS |9 297360 |a BIBDER |b BIBDER |d 2019-11-20 |h v.5 |i 1933612 |o 349.45 PER 1966 |p 1933612 |r 2023-01-25 |w 2019-11-20 |x Ubicación 4to Piso |y BK |z Estos recursos deben solicitarse con anticipación |k DER | ||
| 952 | |0 0 |1 0 |4 0 |6 349_450000000000000_PER_1966 |7 0 |8 DER_HIS |9 297361 |a BIBDER |b BIBDER |d 2019-11-20 |h v.6 p.1 |i 1933566 |o 349.45 PER 1966 |p 1933566 |r 2023-01-25 |w 2019-11-20 |x Ubicación 4to Piso |y BK |z Estos recursos deben solicitarse con anticipación |k DER | ||
| 952 | |0 0 |1 0 |4 0 |6 349_450000000000000_PER_1966 |7 0 |8 DER_HIS |9 297362 |a BIBDER |b BIBDER |d 2019-11-20 |h v.6 p.2 |i 1933515 |o 349.45 PER 1966 |p 1933515 |r 2023-01-25 |w 2019-11-20 |x Ubicación 4to Piso |y BK |z Estos recursos deben solicitarse con anticipación |k DER | ||
| 952 | |0 0 |1 0 |4 0 |6 349_450000000000000_PER_1966 |7 0 |8 DER_HIS |9 297363 |a BIBDER |b BIBDER |d 2019-11-20 |h v.7 |i 1933469 |o 349.45 PER 1966 |p 1933469 |r 2023-01-25 |w 2019-11-20 |x Ubicación 4to Piso |y BK |z Estos recursos deben solicitarse con anticipación |k DER | ||